| 000 | 00538nam a2200193Ia 4500 | ||
|---|---|---|---|
| 003 | IEPS | ||
| 005 | 20250703135239.0 | ||
| 008 | 250223s9999||||xx |||||||||||||| ||und|| | ||
| 040 | _CIEPS | ||
| 041 | _aara | ||
| 082 | _a371.3 | ||
| 100 | _aهوبر ستر كوفل | ||
| 245 | 0 | _aعن فن التدريس | |
| 260 |
_aالقاهرة _bدار الفكر العربي _c1984 |
||
| 300 |
_a218 ص. _bغلاف ملون ومصور _c24 سم. |
||
| 653 | _aفن التدريس | ||
| 700 | _aسعاد جابر الترب | ||
| 942 | _cكتاب | ||
| 999 |
_c11122 _d11122 |
||